000 00492nam a2200157Ia 4500
003 IN-BaIIA
005 20250707092105.0
008 211028s9999 xx 000 0 eng d
040 _cIIA Library
080 _a(084.3)52
_bARG
100 _aArgelander, F.W.A.
_91081
245 0 _aAtlas des Nordlichen gestirten Himmels tur den anfang der jalires 1855
_cF.W.A. Argelander
260 _aBonn
_bBei Adolph Marcus
_c1863
650 _aAtlas
942 _cBK
_2ddc
999 _c469
_d469